| 000 | 00350nam a22001457a 4500 | ||
|---|---|---|---|
| 082 | _a330.91724HAY | ||
| 100 | _aHayter, Teresa | ||
| 245 | _aAid as imperialism | ||
| 260 |
_aEngland _bPenquin Books _c1971 |
||
| 300 |
_a221p _b22cm |
||
| 500 | _aInclude Appendix and Index | ||
| 650 | _aAid as imperialism | ||
| 700 | _aHayter, Teresa | ||
| 942 | _cBK | ||
| 999 |
_c14074 _d14074 |
||